Tuning in

Guardat en:
Dades bibliogràfiques
Autor principal: Spratt, Mary (Autor)
Format: Llibre
Idioma:anglès
Publicat: Londres Longman 1989
Edició:1a. ed
Col·lecció:Longman Elementary Listening Skills
Matèries:
Etiquetes: Afegir etiqueta
Sense etiquetes, Sigues el primer a etiquetar aquest registre!

MARC

LEADER 00000cam a2200000 a 4500
001 UCG9776
003 CL-VaPUC
008 120330e19890000UK |||||||||||||||||eng|d
020 |a 0852791103 
082 0 4 |a 428  |b SPR  |2 21 
100 0 |a Spratt, Mary  |e author  |9 561457 
245 1 0 |a Tuning in 
250 |a 1a. ed 
300 |a 63 p 
942 |c BK 
945 |d 20120330 00:00:00  |a dcastane 
260 |a Londres  |b Longman  |c 1989 
650 0 |a Educación lingüística  |9 306506 
650 0 |a Enseñanza del inglés  |9 367340 
650 0 |a Inglés  |9 260023 
650 0 |a Métodos de enseñanza  |9 270413 
583 |a last modification  |c 20120330 10:33:00  |k Rodrigo Vera 
490 0 |a Longman Elementary Listening Skills 
999 |c 347319  |d 347317 
952 |0 0  |1 0  |4 0  |6 428_000000000000000_SPR_1989  |7 0  |8 A  |9 448574  |a BIBEDU  |b BIBEDU  |d 2019-11-22  |i 4841921  |o 428 SPR 1989  |p 4841921  |r 2019-11-22  |w 2019-11-22  |y BK  |k LIT